THE 8051 MICROCONTROLLER (Record no. 819090)

MARC details
000 -LEADER
fixed length control field 00372pam a2200157a 44500
008 - FIXED-LENGTH DATA ELEMENTS--GENERAL INFORMATION
fixed length control field 230405s2005 xxu||||| |||| 00| 0 eng d
041 ## - LANGUAGE CODE
Language code of text/sound track or separate title ENG
100 ## - MAIN ENTRY--PERSONAL NAME
Personal name AYALA KENNETH
245 ## - TITLE STATEMENT
Title THE 8051 MICROCONTROLLER
250 ## - EDITION STATEMENT
Edition statement 3RD
260 ## - PUBLICATION, DISTRIBUTION, ETC.
Place of publication, distribution, etc. NEW DELHI
Name of publisher, distributor, etc. CENGAGE LEARNING PUB
Date of publication, distribution, etc. 2005
300 ## - PHYSICAL DESCRIPTION
Extent P.B,XIX,412
650 ## - SUBJECT ADDED ENTRY--TOPICAL TERM
Topical term or geographic name entry element CAD/CAM
690 ## - LOCAL SUBJECT ADDED ENTRY--TOPICAL TERM (OCLC, RLIN)
Topical term or geographic name as entry element CAD/CAM
906 ## - LOCAL DATA ELEMENT F, LDF (RLIN)
a 4895
Holdings
Withdrawn status Lost status Damaged status Not for loan Collection Home library Current library Date acquired Source of acquisition Cost, normal purchase price Total Checkouts Full call number Barcode Date last seen Price effective from Koha item type
          College of Engineering, Kolhapur College of Engineering, Kolhapur 25/03/2021 BHARATI MADHYAVARTI SAHAKARI GRAHAK BHANDAR LTD.PUNE 425.00   621.381/AYA ECK-MECH-87 16/08/2023 16/08/2023 Book
          College of Engineering, Kolhapur College of Engineering, Kolhapur 16/08/2023 BHARATI MADHYAVARTI SAHAKARI GRAHAK BHANDAR LTD.PUNE 425.00   621.381/AYA ECK-MECH-86 16/08/2023 16/08/2023 Book
          College of Engineering, Kolhapur College of Engineering, Kolhapur 16/08/2023 BHARATI MADHYAVARTI SAHAKARI GRAHAK BHANDAR LTD.PUNE 425.00   621.381/AYA ECK-MECH-85 16/08/2023 16/08/2023 Book
          College of Engineering, Kolhapur College of Engineering, Kolhapur 16/08/2023 BHARATI MADHYAVARTI SAHAKARI GRAHAK BHANDAR LTD.PUNE 425.00   621.381/AYA ECK-MECH-84 16/08/2023 16/08/2023 Book
          College of Engineering, Kolhapur College of Engineering, Kolhapur 16/08/2023 BHARATI MADHYAVARTI SAHAKARI GRAHAK BHANDAR LTD.PUNE 425.00   621.381/AYA ECK-MECH-83 16/08/2023 16/08/2023 Book